[Event "Toledo"]
[Site "Toledo"]
[Date "1991.??.??"]
[Round "7"]
[White "Franco Ocampos, Zenon"]
[Black "De la Riva Aguado, Oscar"]
[Result "1/2-1/2"]
[WhiteElo "2495"]
[BlackElo "2360"]
[Annotator "Schussler,H"]
[PlyCount "89"]
[EventDate "1991.02.??"]
[EventType "tourn"]
[EventRounds "9"]
[EventCountry "ESP"]
[EventCategory "8"]
[SourceTitle "CBM 022"]
[Source "ChessBase"]
[SourceDate "1991.06.01"]
[SourceVersion "1"]
[SourceVersionDate "1991.06.01"]
[SourceQuality "1"]

1. d4 g6 2. c4 Bg7 3. e4 Nc6 4. Nf3 e5 5. dxe5 Nxe5 6. Be2 {6.Nxe5 + =} Nxf3+
7. Bxf3 d6 8. O-O Nf6 9. Nc3 O-O 10. Bg5 h6 11. Be3 $14 Be6 12. Qb3 {12.Be2}
Nd7 13. Rfd1 Re8 14. Nd5 Qc8 15. Rac1 Kh7 16. Rd2 Nc5 17. Qd1 Bd7 18. Qc2 f5
19. exf5 Bxf5 20. Qd1 Ne4 21. Bxe4 Rxe4 22. Bd4 Qd7 23. f3 Ree8 24. h4 Qf7 25.
Bxg7 Qxg7 26. Re2 Rxe2 27. Qxe2 Qd4+ 28. Qf2 Qxf2+ 29. Kxf2 c6 30. Ne3 Rf8 31.
Rd1 Rf6 32. Nxf5 {32.g4? Be4, 32.Rc1 + =} gxf5 33. Re1 Kg7 34. Re7+ Rf7 35.
Rxf7+ Kxf7 36. Ke3 Kf6 37. Kf4 Kg6 38. b4 Kf6 39. a4 Kg6 40. a5 a6 41. g3 Kf6
42. g4 Kg6 $1 43. g5 hxg5+ 44. hxg5 d5 45. cxd5 1/2-1/2

[Event "Biel"]
[Site "Biel"]
[Date "1992.??.??"]
[Round "1"]
[White "Shirov, Alexei"]
[Black "Miles, Anthony John"]
[Result "1-0"]
[WhiteElo "2710"]
[BlackElo "2595"]
[Annotator "Shirov,A"]
[PlyCount "75"]
[EventDate "1992.07.??"]
[EventType "tourn"]
[EventRounds "14"]
[EventCountry "SUI"]
[EventCategory "16"]
[SourceTitle "CBM 031"]
[Source "ChessBase"]
[SourceDate "1992.12.01"]
[SourceVersion "1"]
[SourceVersionDate "1992.12.01"]
[SourceQuality "1"]

1. d4 {Schussler} e6 2. c4 Bb4+ 3. Bd2 (3. Nd2 {Schussler} c5 4. a3 Bxd2+ 5.
Qxd2 cxd4 6. Nf3 Nf6 7. Nxd4 O-O 8. e3 d5 9. b4 $5 a5 10. b5 b6 11. Bb2 Bb7 12.
Rc1 dxc4 13. Bxc4 Bxg2 $2 14. Rg1 $16 {Gulko,B-Romero Holmes,A, Leon 1992. CBM
31 game 364.}) 3... Bxd2+ 4. Qxd2 b6 5. Nc3 Bb7 6. e4 (6. Nf3 {Schussler} Nh6 {
6. - Nf6 7.d5 +/=} 7. d5 O-O 8. g3 Na6 9. Bg2 Nf5 10. O-O Nd6 11. Qd4 $14 {
Hansen,Cu-Miles,A, Biel (06) 1992. CBM 31 game 177.}) 6... Nh6 7. Bd3 (7. f4 $1
$16) (7. f4 {Schussler} f5 8. e5 Nf7 9. O-O-O g5 10. Nf3 Rg8 11. Be2 Na6 12. h3
gxf4 13. Qxf4 Qe7 14. g4 $16 {Karpov,An-Miles,A, Biel 1992. CBM 31 game 184.})
7... O-O (7... f5 8. Nf3 O-O 9. O-O $14) 8. f4 $1 Qh4+ (8... f5 9. Nf3 fxe4 10.
Nxe4 Nc6 11. O-O-O $1 Nf5 12. Bb1 $16) 9. g3 Qh5 10. Be2 Qg6 11. Nf3 $16 f5 (
11... Bxe4 12. Ne5 Bxh1 13. Nxg6 hxg6 14. d5 $1 Bg2 15. g4 f5 16. g5 Nf7 17.
O-O-O $16) 12. e5 Nc6 13. O-O-O a5 14. h3 $1 {/\ 15.g4! fg4 16.hg4 ->} Qf7 (
14... Qxg3 15. Rdg1 Qf2 16. Rh2 $18) 15. Rhg1 a4 $2 (15... Kh8 $2 16. d5 Nb4
17. Ng5 Qe7 18. dxe6 dxe6 19. Qd7 $18) (15... Qe7 16. g4 Kh8 17. g5 Ng8 18. d5
Nb4 19. a3 Na6 20. d6 cxd6 21. exd6 Qd8 22. Ne5 Nc5 23. Qe3 $16) 16. d5 Na5 17.
Nxa4 Qe7 (17... Nxc4 18. Bxc4 Rxa4 19. Bb3 $18) 18. d6 Qd8 (18... cxd6 19. Qxd6
Qxd6 20. Rxd6 Bxf3 (20... Nxc4 21. Bxc4 Rxa4 22. Bb3 Ra5 23. Nd4 $18) 21. Bxf3
Nxc4 22. Bxa8 Rxa8 23. Nxb6 Rxa2 24. Nxc4 Ra1+ 25. Kc2 Rxg1 26. Rxd7 Rxg3 27.
b4 Rf3 28. b5 Rxf4 29. Kb3 Nf7 30. b6 Rxc4 31. b7 $18) 19. dxc7 Qxc7 20. Qxd7 (
20. Qd6 Qxd6 21. Rxd6 $18) 20... Qxd7 21. Rxd7 Bc6 22. Nxb6 Bxd7 23. Nxd7 $18
Rfd8 24. Nb6 Ra7 25. Rd1 Nf7 26. Nd4 Rb8 27. c5 Nd8 28. b4 Nac6 29. Nxc6 Nxc6
30. b5 Nd8 31. Bc4 Kf7 32. Rd7+ Rxd7 33. Nxd7 Rc8 34. b6 Nc6 (34... Ke7 35. Bb5
$18) 35. Bb5 (35. b7 $2 Rc7 36. Bb5 Nb8 $1 37. Nxb8 Rxb7) 35... Nb8 36. Kb2 Ke7
(36... Nxd7 37. Bxd7 Rxc5 38. b7 $18) 37. Nxb8 Rxb8 38. a4 1-0

[Event "Leon"]
[Site "Leon"]
[Date "1995.??.??"]
[Round "4"]
[White "Shirov, Alexei"]
[Black "Romero Holmes, Alfonso"]
[Result "1-0"]
[WhiteElo "2710"]
[BlackElo "2455"]
[Annotator "Shirov,A"]
[PlyCount "93"]
[EventDate "1995.05.??"]
[EventType "tourn"]
[EventRounds "9"]
[EventCountry "ESP"]
[EventCategory "14"]
[SourceTitle "CBM 048"]
[Source "ChessBase"]
[SourceDate "1995.10.01"]
[SourceVersion "1"]
[SourceVersionDate "1995.10.01"]
[SourceQuality "1"]

1. d4 {Romero Holmes Stohl} e6 2. c4 Bb4+ 3. Bd2 a5 4. Nf3 (4. Nc3 $5 {Stohl}
Nf6 5. e3 (5. Bg5 $5 $14) 5... b6 6. Bd3 Bb7 7. Nge2 d5 8. cxd5 exd5 9. Qc2 Be7
10. g4 $1 Nxg4 11. Rg1 Nxh2 12. O-O-O g6 13. Rg3 Bh4 14. Rh3 Ng4 15. Rdh1 g5
16. Rf1 Nxf2 17. Rf3 Nxd3+ 18. Qxd3 $44 {[%csl Re8][%cal Rf1f7] -><->f,עe8,
Shirov,A-Hansen,LB/Kerteminde /1991/}) 4... d6 5. g3 $6 Nc6 6. Bg2 e5 7. d5 (7.
O-O Nxd4 $1 (7... Nge7 8. Be3 exd4 9. Nxd4 Ne5 10. Qa4+ Qd7 11. Qb3 Ng4 12. Bd2
Bxd2 13. Nxd2 O-O 14. Ne4 Nf5 15. Qc3 Re8 16. Rad1 Qe7 17. Rfe1 h6 18. Qd2 Ne5
19. b3 a4 20. Nc3 axb3 21. axb3 Nxd4 22. Qxd4 $14 {Farago,I-Horvath,G/HUN-ch/
1995/}) 8. Nxd4 exd4 9. Bxb4 axb4 10. Qxd4 Qf6 $5 (10... Nf6 11. c5 $13) 11.
Qd2 (11. Qe3+ {Stohl} Qe7 12. Qb3 c5 13. Nd2 Nf6 14. e3 O-O 15. a3 bxa3 16.
Rxa3 Rxa3 17. Qxa3 h6 18. Qa7 Bf5 19. Rd1 Ne4 20. Qb6 Ra8 21. Nxe4 {1/2-1/2,
Sosonko,G-Landenbergue,C/Cannes op/1995/}) 11... c5 12. Rd1 Ra6 $13) 7... Bxd2+
8. Nfxd2 (8. Nbxd2 {Stohl} Nb8 9. O-O Nh6 10. e4 O-O 11. b3 Na6 12. a3 Bd7 13.
Ne1 c6 14. Nc2 cxd5 15. cxd5 Nc5 16. Ne3 f5 17. b4 axb4 18. axb4 Rxa1 19. Qxa1
Na6 20. exf5 Nxf5 21. Nxf5 Bxf5 $10 {[%csl Rd6] Stohl /Meduna,E-Eingorn,V/
Haifa ETC/1989/ Black achieved an ideal position for this line: he made both
freeing moves c6 and f5 and has sufficient piece play to compensate the weak
d6-pawn.}) 8... Nb8 (8... Nce7 {Stohl} 9. Nc3 f5 10. f4 exf4 11. gxf4 Ng6 12.
e3 Qh4+ 13. Kf1 Nh6 14. Nf3 Qe7 15. Qd4 Ng4 16. Re1 O-O 17. h4 h5 18. Ng5 Bd7
19. Bf3 Rae8 20. Kg2 $14 {Vladimirov,E-Prie,E/Leon/1991/}) 9. Nc3 Nh6 (9... f5
$6 {Stohl} 10. e4 f4 11. gxf4 exf4 12. e5 $1 $36 {[%csl Yd4,Yd5,Ye4,Ye5] /\[+]}
dxe5 13. Qh5+) (9... Nf6 {Stohl} 10. a3 O-O 11. b4 Na6 $132) 10. a3 (10. c5 $6
{Stohl} dxc5 11. Na4 Nd7 12. Ne4 b6 13. d6 c6 14. Nd2 Bb7 15. Bh3 Bc8 16. Bg2
O-O $5 17. Bxc6 Rb8 18. Nc3 Nf5 19. Nc4 Nd4 20. Bg2 Ba6 21. Ne3 Nf6 22. a4 Qxd6
23. O-O Rfd8 24. Re1 Qe6 25. Qb1 Rd6 26. Ra3 Rbd8 {0-1 Gual-Illescas/Alicante
op/1989/}) 10... O-O 11. b4 f5 12. Rc1 $6 (12. c5 $142 axb4 13. axb4 Rxa1 14.
Qxa1 Nd7 $13) (12. O-O $13) 12... Na6 (12... Nd7 $5 13. c5 $140 $6 axb4 14.
axb4 dxc5 15. bxc5 Nxc5 16. Nb5 Na6 $15) 13. Qb3 e4 (13... f4 $6 {Stohl} 14.
Nde4 {[%csl Ge4][%cal Rc4c5] ><e4,/\c5-><<}) (13... Bd7 $142 $5 $13 {Stohl})
14. O-O axb4 (14... Ng4 15. h3 Ne5 $1 $13 (15... Nxf2 $2 16. Kxf2 e3+ 17. Kxe3
Qg5+ 18. Kd3 $18)) 15. axb4 c5 $5 {Stohl Black should not play on the flank,
where White is dominant.} (15... Nf7 $142 {[%cal Yf7e5] Stohl  /\Ne5}) (15...
Qg5 {Romero Holmes /\ Ng4}) 16. dxc6 bxc6 17. b5 (17. c5+ Nf7 (17... d5 {
Romero Holmes} 18. b5 $1 Nxc5 19. Qb4 Qb6 20. Nxd5 $16) 18. Rfd1 Rb8 $13) 17...
Nc5 18. Qb4 Qb6 $1 (18... cxb5 {Stohl} 19. cxb5 {[%csl Gb5,Rd6] o^b5,><d6}) 19.
Nb3 {[%cal Rb3d4] /\Nd4 with the idea to force cxb5.} Nxb3 (19... Nf7 $5 20.
Nxc5 dxc5 21. Qb3 (21. Na4 Qa5 $13) 21... Be6 $13) 20. Qxb3 Be6 $6 (20... Nf7
$8 {Stohl} 21. Ra1 Be6 $132 {+/=}) 21. c5 $1 Bxb3 22. cxb6 c5 $6 (22... cxb5
23. Nxb5 Rfb8 (23... Rab8 {Stohl} 24. Rc6 Nf7 25. Nc7 $5 $16 {[%csl Gb6] o^b6})
24. Rc3 Ba2 25. Nc7 Ra4 26. Rc6 Bc4 $14) 23. f3 d5 $2 (23... Rab8 $8 24. fxe4
Rxb6 25. exf5 (25. Rb1 $1 {Stohl} c4 26. Ra1 $40 {[%cal Ya1a6,Ye4f5,Yg2c6,
Yc3d5] /\Ra6,ef5,Bf5,Nd5 etc.}) 25... Rxf5 (25... Nxf5 $2 26. Nd5 $18) 26. Ra1
$1 Rxf1+ 27. Kxf1 Rb8 $1 $8 (27... Nf5 28. Ra6 Rb8 29. Ra8 $1 Rxa8 30. Bxa8 Ne7
31. b6 d5 32. Bxd5+ $18) (27... Bc4 28. Ra8+ $1 Kf7 29. Ra4 $1 Bxb5 30. Rf4+
Kg6 $8 31. Nd5 Rb7 32. Be4+ Kh5 33. Nf6+ $18) 28. Ra8 Rxa8 29. Bxa8 Nf7 30. b6
Ne5 31. Ne4 Nd7 32. b7 $16) (23... exf3 {Stohl} 24. Bxf3 Rab8 25. b7 $18) 24.
fxe4 dxe4 25. b7 $1 Rab8 {[#]} (25... Rae8 26. Ra1 $1 {/\ 27.Be4+-} Bf7 $8 27.
g4 $1 g6 28. gxf5 gxf5 29. Na4 Bc4 (29... Bd5 30. Nxc5 Rf7 31. Ra7 $18) 30.
Nxc5 Bxe2 31. Rf2 Bxb5 32. Rb2 Bc6 33. Ra6 $18) 26. Nxe4 $1 {Stohl The passed
pawn decides the game, the piece sacrifice is only temporary.} fxe4 27. Rxf8+
Kxf8 (27... Rxf8 {Stohl} 28. Rxc5 $18) 28. Bxe4 Nf7 (28... Ke7 29. Ra1 (29.
Rxc5 {Stohl} Kd7 30. b6 Nf7 31. Rc8 $1 Rxc8 32. Bf5+ $18) 29... Kd8 30. Ra8 Kc7
31. b6+ $18) 29. Ra1 Ne5 30. Ra8 Nd7 31. Bc6 Ke7 32. Bxd7 Rxb7 33. Bc6 $18 Rb6
{[%csl Rb6] צb6} 34. Ra7+ Kd6 35. Rd7+ Ke5 36. Kf2 Kf6 (36... c4 37. Ke3 (37.
Rxg7 {Stohl} c3 38. Ke3 $18) 37... c3 38. Rxg7 $18) (36... Ba4 $2 {Stohl} 37.
Rd5+) (36... Bc4 {Stohl} 37. Rxg7 Bxb5 38. Bxb5 Rxb5 39. Rxh7 $18) 37. Rb7 Rxb7
38. Bxb7 Ke5 39. b6 Kd6 40. Be4 h6 41. Ke1 (41. Ke3 $18 {Stohl}) 41... Be6 42.
Kd2 Bc4 43. e3 Be6 44. Kc3 Bf7 45. Ba8 {[%cal Re3e4,Ra8d5] /\e4,Bd5+-} Bg8 46.
e4 Be6 47. Bd5 (47. Bd5 {Stohl} Bh3 (47... Bc8 48. b7) 48. e5+ $1 Kxd5 49. b7
$18) 1-0

[Event "EU-chT (Men) 12th"]
[Site "Batumi"]
[Date "1999.12.07"]
[Round "9.1"]
[White "Piket, Jeroen"]
[Black "Short, Nigel D"]
[Result "0-1"]
[WhiteElo "2635"]
[BlackElo "2675"]
[Annotator "Short,N"]
[PlyCount "84"]
[EventDate "1999.11.06"]
[EventType "team-swiss"]
[EventRounds "9"]
[EventCountry "GEO"]
[SourceTitle "CBM 074"]
[Source "ChessBase"]
[SourceDate "2000.02.01"]
[SourceVersion "1"]
[SourceVersionDate "2000.02.01"]
[SourceQuality "1"]
[WhiteTeam "Netherlands"]
[BlackTeam "England"]
[WhiteTeamCountry "NED"]
[BlackTeamCountry "ENG"]

1. d4 e6 2. c4 b6 {I mistakenly make the habit of practising what I preach.
This opening was recommended in the Sunday Telegraph just the other week. It
seemed like a good idea for an early morning game.} 3. a3 g6 {Caused much
merriment but I don't exactly see why a3 should be a more useful move than g6.}
4. Nc3 Bg7 5. e4 Ne7 6. f4 d5 $1 {Striking back at the broad pawn centre.} 7.
cxd5 exd5 8. e5 c5 {Immediately undermining the central wedge.} 9. Nf3 Nbc6 10.
Be3 O-O 11. Be2 ({After} 11. dxc5 Bg4 $1 {was the idea and after} 12. h3 Bxf3
13. Qxf3 d4 14. Rd1 bxc5 {the outcome is distinctly murky.}) 11... Nf5 12. Bf2
cxd4 13. Nxd4 Ncxd4 14. Bxd4 Be6 15. O-O f6 $1 {Breaking the pride of white's
pawn formation and liberating the g7 bishop.} 16. exf6 Bxf6 17. Bxf6 Qxf6 {
With superior development and a passed d-pawn the position is slightly
favourable for Black.} 18. Qd2 ({Not} 18. Nxd5 $2 Qf7 19. Nc3 (19. Bc4 Rad8)
19... Ne3 {winning an exchange.}) 18... Rad8 19. Bg4 Ne3 {A clever little
tactical shot although there was something to be said for the direct 19...d4.}
20. Qxe3 ({Jon Speelman suggested the intrigueing} 20. Ne4 $5 {Raise your hand
if you had seen that!}) 20... Bxg4 21. Qd2 d4 22. Ne4 Qc6 23. Nf2 Bf5 {The
d-pawn is a real thorn in White's position. Its every advance creates major
difficulties.} 24. Rac1 Qd5 25. Rfe1 Rfe8 26. h3 d3 {A somewhat double-edged
advance as the pawn becomes an object of attack on this square but I wanted to
increase the tension in my opponents time-trouble.} 27. g4 $1 {A very bold
advance considering the dangers on the a8-h1 diagonal but counterplay had to
be found.} Be4 28. Re3 Bh1 $3 {I would have been very proud of this move had
it not been for the fact that I had failed to observe that this piece was en
prise on h1! I went to make this move but quickly returned the bishop to e4
before I let go. My ears went a distinct shade of red and for a brief moment I
contemplated resigning before I temporarily regained my sanity. Quite by
chance everything still works perfectly. Who says there is no luck in chess?}
29. Rg3 {The only move.} ({If} 29. Rxe8+ Rxe8 30. Nxh1 Re2) ({or} 29. Nxh1 Qd4
30. Rce1 Rxe3 31. Rxe3 (31. Qxe3 d2 $1) 31... Re8 32. Kf2 Qxf4+ {and in all
cases Black wins.}) 29... Bf3 30. Rc3 $2 {A blunder in time-trouble.} ({
Correct was} 30. Rc7 $1 {which offers hope of survival.}) 30... Be2 $4 {
A gross error made by someone clearly suffering from severe brain damage.} ({
The obvious} 30... Re2 $1 31. Qxd3 Re1+ 32. Kh2 Qxd3 33. Rxd3 Rxd3 34. Nxd3
Rh1# {would have wrapped things up neatly. My mental state deteriorated when I
saw this variation immediately after making my move.}) 31. f5 Qd6 32. Kh2 gxf5
$6 {Going to pieces. This is terribly risky.} 33. gxf5+ Kh8 34. Rc4 $1 Qf6 35.
Ne4 Qe5 36. Ng5 {By now I was running short of time too. The threats have
proliferated.} Rf8 37. Rh4 Rd7 38. Re4 Qc5 39. Ne6 Qc2 {Made in desperation.}
40. Qh6 {The 40th move made with seconds to spare.} ({I had seen that} 40. Rxe2
dxe2 41. Qxc2 e1=Q {was good for me}) ({but thought that after} 40. Qxc2 dxc2
41. Nxf8 {I was sunk until Stuart Conquest mentioned} Rd2 $3 {winning,
afterwards.}) 40... Bf3+ 41. Kg1 Rxf5 $1 {Suddenly and fortuitously it is all
over. White will be mated first.} 42. Rf4 Qd1+ {White resigned. Mate comes on
h1 in three moves at most.} 0-1

[Event "Escaldes zt"]
[Site "Escaldes"]
[Date "1998.11.14"]
[Round "9"]
[White "Piket, Jeroen"]
[Black "Speelman, Jonathan S"]
[Result "0-1"]
[WhiteElo "2605"]
[BlackElo "2600"]
[Annotator "Speelman,J"]
[PlyCount "56"]
[EventDate "1998.11.06"]
[EventType "swiss"]
[EventRounds "9"]
[EventCountry "AND"]
[SourceTitle "CBM 068"]
[Source "ChessBase"]
[SourceDate "1999.02.01"]
[SourceVersion "1"]
[SourceVersionDate "1999.02.01"]
[SourceQuality "1"]

1. d4 e6 2. c4 b6 3. e4 Bb7 4. Nc3 Bb4 5. f3 f5 (5... Qh4+ 6. g3 Qh5 7. Nh3 e5
8. d5 Ne7 9. Nf2 O-O 10. Be2 Qg6 11. Nd3 Bxc3+ 12. bxc3 d6 13. g4 Nd7 14. Be3
Nc5 15. Nf2 f6 16. h4 Qe8 17. Rb1 a5 18. Rh2 Ng6 19. Qd2 Ba6 20. h5 Nf4 21.
Bxf4 exf4 22. Qxf4 Qa4 23. Qd2 Bxc4 24. Bxc4 Qxc4 25. Rb2 a4 26. Qd4 a3 27. Rc2
Qb5 28. c4 Qa4 29. Nd3 Qe8 30. Rhe2 Ra4 31. Kf2 g5 32. hxg6 hxg6 33. Kg2 g5 34.
Re1 Nxd3 35. Qxd3 Qe5 36. Rh1 Kg7 37. Qb3 Raa8 38. Qc3 Rh8 39. Rxh8 {1/2-1/2
Sashikiran,K-Speelman,J/ch-GBR, Torquay ENG (05) 1998}) 6. exf5 Qh4+ $6 (6...
Nh6 7. fxe6 Nf5) 7. g3 Qf6 8. fxe6 Ne7 9. Bh3 h5 $5 (9... dxe6 10. Nge2 Qxf3
11. Rf1 Qh5 12. Nf4 Qxd1+ 13. Kxd1 $16) 10. Bf4 (10. Nge2 h4) 10... dxe6 (10...
h4 11. Be5) 11. Qd2 Nbc6 12. O-O-O Bxc3 13. Qxc3 (13. bxc3 Na5 14. Qe2 Ba6)
13... g5 14. Be3 (14. Bxc7 Rc8 15. Bd6 g4) 14... g4 15. fxg4 hxg4 16. Bxg4 (16.
Bg2 Nb4 17. Qd2 Qg6 18. b3 Nd3+) 16... Nb4 17. Qxb4 Bxh1 18. Nh3 (18. h4 Rg8
19. Bh5+ Kd7) 18... Qg6 $1 19. Bg5 c5 $1 20. dxc5 (20. Qd2 Rd8 (20... O-O-O)
21. d5 (21. Rxh1 Rxd4 22. Qe2 Rxh3 (22... Re4 23. Nf4) 23. Bxh3 Qxg5+) 21...
Bxd5) 20... Rxh3 21. Qd2 Rh7 22. Rxh1 (22. Qd7+ Kf8 23. Rf1+ (23. Bxe7+ $2 Rxe7
24. Rf1+ Rf7 25. Qd6+ Kg7 26. Qd4+ e5 27. Qxe5+ Rf6 (27... Kh6) 28. Qe7+ Rf7
29. Qe5+) 23... Nf5 24. Qd6+ Kf7 (24... Kg8 25. Rxf5 Rxh2 26. Bd8) (24... Kg7
25. Qe5+ Kg8 26. h4 Bb7 27. Rxf5 exf5 28. Bxf5 Re8) 25. h4 Be4 26. Qe5) 22...
Qe4 23. Rd1 $4 (23. Qd1 $1 Qxc4+ 24. Kb1 Qxc5 (24... Qe4+ 25. Ka1 Rd8 26. Bh5+
$18) (24... Qd5 25. Qxd5 exd5 $16) 25. Bh5+ Kf8 (25... Rxh5 26. Qxh5+ Kd7 27.
Rd1+ Nd5 28. Qf7+ $18) 26. Rf1+ Nf5 27. g4 Rxh5 28. gxh5) 23... Qxg4 24. Qd7+
$6 (24. b3 Nc6 $19) 24... Kf8 25. Bf4 $6 (25. Bxe7+ Rxe7 26. Rf1+ Kg8 27. Qxe7
Qxc4+ 28. Kd2 Qxf1 29. Qg5+ (29. Qxe6+ Qf7 30. Qg4+ Kf8) 29... Kf7 30. Qh5+ Ke7
31. Qh7+ Qf7 32. Qh4+ Ke8 33. Qh8+ Qf8 34. Qh5+ Kd7) (25. h4 Qxc4+ 26. Kb1 Qe4+
27. Ka1 $19) 25... Rxh2 $1 26. c6 Qe2 27. Bd2 Qxc4+ 28. Kb1 Qe4+ 0-1

[Event "Goodricke op 09th"]
[Site "Kolkata"]
[Date "1998.??.??"]
[Round "10"]
[White "Rahman, Ziaur"]
[Black "Speelman, Jonathan S"]
[Result "0-1"]
[WhiteElo "2485"]
[BlackElo "2605"]
[Annotator "Speelman,J"]
[PlyCount "158"]
[EventDate "1998.02.06"]
[EventType "swiss"]
[EventRounds "11"]
[EventCountry "IND"]
[SourceTitle "CBM 063"]
[Source "ChessBase"]
[SourceDate "1998.03.26"]
[SourceVersion "1"]
[SourceVersionDate "1998.03.26"]
[SourceQuality "1"]

1. c4 b6 2. d4 Bb7 3. d5 e6 4. e4 $5 (4. a3) 4... Bb4+ 5. Bd2 Qe7 6. Bxb4 Qxb4+
7. Qd2 Qxd2+ 8. Nxd2 (8. Kxd2) 8... f5 $5 9. exf5 $2 (9. f3 $1) 9... exd5 10.
Ngf3 Ne7 11. g4 h5 $1 12. Rg1 dxc4 13. Bxc4 (13. h3 $5 hxg4 14. hxg4 b5 (14...
d5 $5 {so that if} 15. Ng5 (15. Nd4 Na6 $1 16. Ne6 g6 17. f6 Kf7 $1 $19) 15...
Na6 16. O-O-O Nc5 {White has some pressure for the pawn})) 13... hxg4 14. Rxg4
Nbc6 15. Bd3 (15. Rxg7 Nxf5) 15... O-O-O 16. b4 $1 (16. a3 $5) 16... Rdf8 (
16... a5 $5 17. bxa5 $1 (17. b5 Nb4 18. Bb1 Rdf8) 17... Nxa5 18. Rxg7) 17. b5
Nd8 18. Nh4 (18. Nd4 Rxh2 $17) 18... Nf7 19. f4 $8 Nd6 (19... Nh6 20. Rg5 $1)
20. O-O-O Ndxf5 21. Bxf5 Nxf5 22. Ng6 Ne3 23. Rdg1 Nxg4 24. Rxg4 Kd8 (24... Bd5
$4 25. Ne7+) 25. Nc4 Bd5 26. Nce5 Be6 (26... Bxa2 27. Nxh8 Rxh8 28. Rxg7 Be6
29. f5 $1 Rg8 $1 {(Rahman) - I'd missed this} 30. Rxg8+ Bxg8 31. f6 Ke8 {
is presumably -+}) 27. Rg3 Rhg8 28. Ra3 $1 {I'd missed this} d6 $2 (28... Rf5
29. Rxa7 Bd5 $1 $19) 29. Nc6+ Kd7 30. Nxf8+ Rxf8 31. Rxa7 Rxf4 32. Nb8+ (32.
Ra8 Bd5 33. Rd8+ Ke6 34. Re8+ Kf6 35. Rf8+ Kg5 $19) 32... Kc8 33. Nc6 Rf1+ $1
34. Kb2 Rf2+ 35. Kb1 (35. Kc3 $2 Rxa2 $1 $19) (35. Ka1 $5) 35... Bf5+ 36. Kc1
g6 37. a4 $2 {time trouble} (37. h4 $1) 37... Rxh2 38. Ra8+ Kd7 39. Rd8+ Ke6
40. Re8+ Kf6 $5 (40... Kd5) 41. Rf8+ Kg7 $6 (41... Kg5 42. Rf7 Rc2+ 43. Kd1 Rc4
44. a5 $1 (44. Kd2 Bc2 45. a5 bxa5 46. Rxc7 Ba4) 44... bxa5 45. Rxc7 Be4 {
I decided that in this position, I'd prefer the king on f6 nearer to the one
final enemy troublw maker so so I could simply capture on c6 after 46 Rc8} 46.
Rc8 {but of course eg} a4 47. Na7 Rxc8 (47... Rb4 $19) 48. Nxc8 a3 49. Kc1 d5
50. Nd6 Bd3 51. b6 Ba6 {will presumably be easily winning with so many passed
pawns}) 42. Re8 Rc2+ 43. Kd1 Rc4 44. Re7+ (44. a5 bxa5 45. Re7+ Kf6 46. Rxc7
Be4 47. Rc8 Bxc6 $19 {is trivial}) 44... Kf6 45. Rxc7 Bc2+ 46. Kd2 Bxa4 47. Rd7
$1 Ke6 48. Re7+ Kf5 49. Kd3 Rc5 (49... Bxb5 $2 50. Nd4+ Kf6 51. Re6+ $1 (51.
Nxb5 $2 Rc5) 51... Kf7 52. Rxd6) 50. Nd4+ Kg5 $8 51. Rb7 (51. Ne6+ $2 Kf6 52.
Nxc5 Bxb5+) 51... Bxb5+ 52. Kd2 (52. Ke3 Re5+) 52... Rd5 53. Ke3 Kg4 $1 54.
Rxb6 Bc4 $1 (54... Bf1 55. Rb4) 55. Rc6 (55. Rb4 Re5+ 56. Kf2 d5) 55... Bf1 56.
Rc1 Re5+ 57. Kf2 Re4 $1 58. Rd1 Bc4 59. Rd2 d5 60. Nc2 Kf4 61. Ne1 d4 $5 62.
Ng2+ Kg4 63. Ne1 Rf4+ 64. Kg2 $2 (64. Kg1 $3 Kf5 $1 {and Black must win but
not directly as in the game} (64... Kg3 65. Rg2+ Kh3 66. Rh2+ Kg4 {and if he
wishes White can repeat with} 67. Rd2)) 64... Bf1+ $1 65. Kg1 (65. Kh2 Re4 $1
$19) 65... Kg3 $1 $19 66. Ng2 (66. Rb2 d3 67. Rd2 (67. Rh2 g5 {zugzwang} 68.
Rh5 d2 (68... g4 69. Re5 d2)) 67... Be2) (66. Nd3 Bxd3 67. Rxd3+ Kg4 $19) (66.
Nc2 d3 67. Ne3 Be2 68. Rb2 Rf3) (66. Rh2 d3) 66... Bxg2 67. Rxg2+ Kf3 68. Kf1 (
68. Rxg6 Ke2 $19) 68... Ke4+ $1 69. Ke2 Kf5 $19 70. Rg1 g5 71. Ra1 g4 72. Ra5+
Ke4 73. Ra3 Rf3 74. Ra4 Kf4 75. Rxd4+ Kg3 76. Ra4 Kh3 77. Re4 Rf8 78. Ke1 g3
79. Re7 g2 0-1